000 00556nam a2200205Ia 4500
003 GCL
008 140319s9999 xx 000 0 eng d
020 _a0321193776
040 _aGCL /
_cGCL
082 0 4 _a005.3
_bA C
100 1 _aADOBE
245 1 0 _aCLASSROON IN A BOOK :
_bADOBE INDESIGN CS /
_cADOBE
260 _aنيويورك :
_bADOBE PRESS ،
_c2004
300 _a24 CM ؛
_c523 P
650 0 4 _aCOMPUTER LANGUAGE
650 0 4 _aADOBE - PROGRAMMING
650 0 4 _aCOMPUTER - PROGRAMMERS
650 0 4 _aCOMPUTER - PROPGRAMME
942 _2ddc
_cBK
999 _c7457
_d7457